[Event "Chessemy Open 2022"]
[Site "Reinstorf"]
[Date "2022.01.29"]
[Round "1.1"]
[White "Van den Doel, Erik"]
[Black "Ploder, Udo"]
[Result "1-0"]
[WhiteElo "2591"]
[BlackElo "1873"]
[Annotator "TA"]
[PlyCount "49"]
[EventDate "2022.01.29"]
[EventType "swiss"]
[EventCountry "GER"]
[SourceTitle "playchess.com"]
[Source "ChessBase"]
[SourceQuality "1"]

1. d4 Nf6 2. Nf3 c5 3. e3 d5 4. c4 e6 5. Nc3 b6 6. cxd5 exd5 7. dxc5 bxc5 8. e4 d4 9. e5 Ng4 10. Bc4 Be7 11. h3 Nc6 12. hxg4 dxc3 13. Qxd8+ Bxd8 14. Bd5 Bd7 15. bxc3 Rb8 16. Bf4 Rb2 17. Rd1 O-O 18. Be4 f5 19. gxf5 Be8 20. f6 gxf6 21. Bc1 Rb7 22. Bh6 Ba5 23. Bxf8 Bxc3+ 24. Kf1 Kxf8 25. Rc1 1-0

[Event "Chessemy Open 2022"]
[Site "Reinstorf"]
[Date "2022.01.29"]
[Round "1.1"]
[White "Kempe, Caius Emilian"]
[Black "Neves, Carlos Alberto Brasi"]
[Result "1/2-1/2"]
[WhiteElo "2073"]
[BlackElo "1914"]
[Annotator "TA"]
[PlyCount "94"]
[EventDate "2022.01.29"]
[EventType "swiss"]
[EventCountry "GER"]
[SourceTitle "playchess.com"]
[Source "ChessBase"]
[SourceQuality "1"]

1. d4 Nf6 2. c4 g6 3. Nc3 Bg7 4. e4 d6 5. f3 O-O 6. Be3 c5 7. dxc5 dxc5 8. Qxd8 Rxd8 9. Bxc5 Nc6 10. Nge2 b6 11. Be3 Nb4 12. Kf2 Nc2 13. Rd1 Rxd1 14. Nxd1 Nxe3 15. Nxe3 e6 16. Nc3 Ba6 17. Be2 Rd8 18. Rd1 Rxd1 19. Nexd1 Nd7 20. f4 Bd4+ 21. Kf3 f5 22. Nb5 Bc5 23. e5 g5 24. g4 fxg4+ 25. Kxg4 Bxb5 26. cxb5 gxf4 27. Kxf4 Bd4 28. h3 Bxe5+ 29. Ke4 Bf6 30. b3 Nc5+ 31. Kf3 Kf7 32. Ne3 Be5 33. Bc4 h5 34. Nc2 Bc3 35. Ke3 Kf6 36. Be2 Kg5 37. Nd4 Bxd4+ 38. Kxd4 Nd7 39. Ke4 h4 40. Bc4 e5 41. Be2 Kf6 42. Bg4 Nc5+ 43. Ke3 Ne6 44. Ke4 Nc7 45. Be2 Ne6 46. Bg4 Nc7 47. Be2 Ne6 1/2-1/2

[Event "Chessemy Open 2022"]
[Site "Reinstorf"]
[Date "2022.01.29"]
[Round "1.2"]
[White "Klein, Gernot"]
[Black "Tan, Justin"]
[Result "0-1"]
[WhiteElo "1862"]
[BlackElo "2526"]
[Annotator "TA"]
[PlyCount "68"]
[EventDate "2022.01.29"]
[EventType "swiss"]
[EventCountry "GER"]
[SourceTitle "playchess.com"]
[Source "ChessBase"]
[SourceQuality "1"]

1. e4 c6 2. d4 d5 3. Nd2 dxe4 4. Nxe4 Nf6 5. Nxf6+ exf6 6. c3 Bd6 7. Bd3 O-O 8. Qc2 Re8+ 9. Ne2 h5 10. h3 Be6 11. Be3 Nd7 12. O-O Nf8 13. Nf4 g6 14. Nxe6 Rxe6 15. Rae1 Bc7 16. f4 Qd6 17. Qf2 Rae8 18. b4 h4 19. Bd2 Qd5 20. c4 Qd8 21. Bc3 f5 22. g3 hxg3 23. Qxg3 Rxe1 24. Rxe1 Rxe1+ 25. Qxe1 Ne6 26. d5 Nxf4 27. Bf1 cxd5 28. c5 Kh7 29. Qe3 Ne6 30. Bd2 Bf4 31. Qe2 Qg5+ 32. Qg2 Bxd2 33. Qxg5 Nxg5 34. b5 Be3+ 0-1

[Event "Chessemy Open 2022"]
[Site "Reinstorf"]
[Date "2022.01.29"]
[Round "1.2"]
[White "Hassinger, Jan Lucian"]
[Black "Monninger, Moritz"]
[Result "0-1"]
[WhiteElo "1522"]
[BlackElo "2064"]
[Annotator "TA"]
[PlyCount "100"]
[EventDate "2022.01.29"]
[EventType "swiss"]
[EventCountry "GER"]
[SourceTitle "playchess.com"]
[Source "ChessBase"]
[SourceQuality "1"]

1. d4 d5 2. c4 e6 3. Nc3 Nf6 4. Bg5 Be7 5. Nf3 h6 6. Bh4 O-O 7. e3 Ne4 8. Bxe7 Qxe7 9. cxd5 Nxc3 10. bxc3 exd5 11. Bd3 c6 12. h3 Nd7 13. O-O Nf6 14. Qc2 Be6 15. Bf5 Bxf5 16. Qxf5 Ne4 17. Rfc1 Qa3 18. Ne5 Nxc3 19. Qd3 Nb5 20. Qxa3 Nxa3 21. Rc3 Nb5 22. Rb3 Nd6 23. Rab1 f6 24. Nd3 Rfe8 25. a4 b6 26. Rc1 Nc4 27. Nb2 Nxb2 28. Rxb2 Re6 29. Kf1 Kf7 30. Ke2 Ke7 31. Rbc2 Kd7 32. Rc3 f5 33. Kf1 Rf8 34. g3 g5 35. Kg2 f4 36. R1c2 fxe3 37. fxe3 Ref6 38. Kg1 Rf1+ 39. Kg2 R8f6 40. Ra3 Rb1 41. Raa2 Rb3 42. Re2 c5 43. dxc5 bxc5 44. Rab2 Rfb6 45. Rbc2 Kd6 46. Kf3 h5 47. h4 gxh4 48. gxh4 d4 49. Ke4 d3 50. Red2 R6b4+ 0-1

[Event "Chessemy Open 2022"]
[Site "Reinstorf"]
[Date "2022.01.29"]
[Round "1.3"]
[White "Kozak, Adam"]
[Black "Milovs, Daniels"]
[Result "1-0"]
[WhiteElo "2526"]
[BlackElo "1842"]
[Annotator "TA"]
[PlyCount "57"]
[EventDate "2022.01.29"]
[EventType "swiss"]
[EventCountry "GER"]
[SourceTitle "playchess.com"]
[Source "ChessBase"]
[SourceQuality "1"]

1. Nf3 Nf6 2. c4 g6 3. Nc3 Bg7 4. e4 d6 5. d4 O-O 6. Be2 e5 7. O-O Na6 8. Be3 Ng4 9. Bg5 Qe8 10. dxe5 dxe5 11. h3 h6 12. Bc1 Nf6 13. Be3 c6 14. Qd6 Be6 15. Rad1 Rd8 16. Qa3 Rxd1 17. Rxd1 Qb8 18. b4 Re8 19. c5 Nc7 20. Nxe5 Nb5 21. Nxb5 cxb5 22. Bxb5 Qxe5 23. Bxe8 Nxe8 24. Rd8 Bc4 25. Qa4 Kf8 26. Bd4 Qxe4 27. Bxg7+ Kxg7 28. Qxe8 Qf3 29. Qh8# 1-0

[Event "Chessemy Open 2022"]
[Site "Reinstorf"]
[Date "2022.01.29"]
[Round "1.3"]
[White "Perkampus, Laurin"]
[Black "Semling, Julius"]
[Result "1/2-1/2"]
[WhiteElo "2081"]
[BlackElo "1515"]
[Annotator "TA"]
[PlyCount "79"]
[EventDate "2022.01.29"]
[EventType "swiss"]
[EventCountry "GER"]
[SourceTitle "playchess.com"]
[Source "ChessBase"]
[SourceQuality "1"]

1. d4 d5 2. c4 e6 3. Nc3 c6 4. e3 Bd6 5. Nf3 f5 6. Qc2 Nf6 7. Bd3 Ne4 8. c5 Be7 9. O-O b6 10. b4 a5 11. Na4 bxc5 12. bxc5 Nd7 13. Rb1 O-O 14. Nb6 Rb8 15. Nxd7 Bxd7 16. Rxb8 Qxb8 17. Ba3 Qc7 18. Rb1 Rb8 19. Rb6 Bd8 20. Rb3 Qc8 21. Ba6 Qc7 22. Ne5 Be8 23. Qb2 Rxb3 24. Qxb3 Bf6 25. Nd3 e5 26. Qb6 Qe7 27. dxe5 Bxe5 28. Nxe5 Qxe5 29. Bb2 Qe7 30. Bd4 Qh4 31. Qb2 f4 32. exf4 Qxf4 33. f3 Nf6 34. Qc3 Nd7 35. g3 Qc7 36. Bxg7 Nxc5 37. Qxc5 Kxg7 38. Qd4+ Kg8 39. Bd3 Qg7 40. Qa4 1/2-1/2

[Event "Chessemy Open 2022"]
[Site "Reinstorf"]
[Date "2022.01.29"]
[Round "1.4"]
[White "Hilbenz, Guntram"]
[Black "Zaragatski, Ilja"]
[Result "0-1"]
[WhiteElo "1857"]
[BlackElo "2509"]
[Annotator "TA"]
[PlyCount "80"]
[EventDate "2022.01.29"]
[EventType "swiss"]
[EventCountry "GER"]
[SourceTitle "playchess.com"]
[Source "ChessBase"]
[SourceQuality "1"]

1. c4 e5 2. g3 Nf6 3. Bg2 d5 4. cxd5 Nxd5 5. Nc3 Nb6 6. Nf3 Nc6 7. b3 Be7 8. Bb2 O-O 9. O-O Re8 10. Rc1 Bf8 11. d3 Nd4 12. e3 Nxf3+ 13. Bxf3 c6 14. Qd2 a5 15. Rfd1 a4 16. d4 axb3 17. axb3 exd4 18. Qxd4 Be6 19. Na4 Nxa4 20. Qxd8 Rexd8 21. Rxd8 Rxd8 22. bxa4 Ra8 23. Ra1 Bb3 24. a5 Bb4 25. a6 Rxa6 26. Rxa6 bxa6 27. Bxc6 f5 28. h4 a5 29. Kg2 a4 30. e4 fxe4 31. Bxe4 a3 32. Ba1 Be7 33. Bb1 Bf6 34. Bxf6 gxf6 35. g4 a2 36. Bxa2 Bxa2 37. Kg3 Kf7 38. Kf4 Bb3 39. g5 Kg6 40. Kg4 Be6+ 0-1

[Event "Chessemy Open 2022"]
[Site "Reinstorf"]
[Date "2022.01.29"]
[Round "1.4"]
[White "Buchinger, Alexis"]
[Black "Muedder, Rafael"]
[Result "0-1"]
[WhiteElo "1509"]
[BlackElo "2035"]
[Annotator "TA"]
[PlyCount "52"]
[EventDate "2022.01.29"]
[EventType "swiss"]
[EventCountry "GER"]
[SourceTitle "playchess.com"]
[Source "ChessBase"]
[SourceQuality "1"]

1. e4 c5 2. Nf3 Nc6 3. d4 cxd4 4. Nxd4 e5 5. Nb5 d6 6. N1c3 a6 7. Na3 Be7 8. Nd5 Nf6 9. Be3 Nxd5 10. exd5 Nb8 11. Nc4 Nd7 12. a4 f5 13. a5 O-O 14. h4 b5 15. Nb6 f4 16. Nxc8 Rxc8 17. Bd2 e4 18. Qg4 Ne5 19. Qe6+ Kh8 20. O-O-O Qc7 21. c3 b4 22. g3 Qxa5 23. Qxe7 Qa1+ 24. Kc2 b3+ 25. Kxb3 Qxd1+ 26. Ka2 Qxd2 0-1

[Event "Chessemy Open 2022"]
[Site "Reinstorf"]
[Date "2022.01.29"]
[Round "1.5"]
[White "Lubbe, Nikolas"]
[Black "Sistig, Max"]
[Result "1-0"]
[WhiteElo "2433"]
[BlackElo "1846"]
[Annotator "TA"]
[PlyCount "69"]
[EventDate "2022.01.29"]
[EventType "swiss"]
[EventCountry "GER"]
[SourceTitle "playchess.com"]
[Source "ChessBase"]
[SourceQuality "1"]

1. Nf3 c5 2. b3 Nc6 3. Bb2 Nf6 4. e3 d5 5. Bb5 Bd7 6. O-O e6 7. d4 Bd6 8. Nbd2 O-O 9. Bd3 Qc7 10. c4 e5 11. cxd5 Nxd5 12. dxc5 Be7 13. Rc1 Rad8 14. a3 Bg4 15. h3 Bh5 16. Qc2 Nf6 17. b4 a6 18. Rfd1 Kh8 19. g4 Bg6 20. Bxg6 hxg6 21. Nc4 Nd7 22. Rd5 Bf6 23. Rcd1 e4 24. Bxf6 Nxf6 25. Rxd8 Rxd8 26. Rxd8+ Qxd8 27. Ng5 Qd7 28. Nxe4 Nd5 29. Ned6 Kg8 30. Qe4 Nf6 31. Qd3 Qe7 32. Kf1 Nd7 33. Nxb7 Nf8 34. Nbd6 Ne5 35. Qe4 1-0

[Event "Chessemy Open 2022"]
[Site "Reinstorf"]
[Date "2022.01.29"]
[Round "1.5"]
[White "Pfau, Beate"]
[Black "Rennkamp, David"]
[Result "1-0"]
[WhiteElo "2034"]
[BlackElo "1496"]
[Annotator "TA"]
[PlyCount "117"]
[EventDate "2022.01.29"]
[EventType "swiss"]
[EventCountry "GER"]
[SourceTitle "playchess.com"]
[Source "ChessBase"]
[SourceQuality "1"]

1. c4 e5 2. g3 Nf6 3. Bg2 g6 4. Nc3 Bg7 5. Nf3 d6 6. d3 O-O 7. O-O c6 8. Rb1 Be6 9. Ng5 Nbd7 10. Nxe6 fxe6 11. e4 Qe7 12. Be3 c5 13. Bh3 a6 14. Qd2 Rfb8 15. a3 b5 16. b3 Ne8 17. Bg5 Bf6 18. Bxf6 Ndxf6 19. Rb2 Ra7 20. Rfb1 Nc7 21. Bg2 a5 22. b4 axb4 23. axb4 bxc4 24. bxc5 Rxb2 25. Qxb2 dxc5 26. dxc4 Nd7 27. Qd2 Ne8 28. Nb5 Rb7 29. Rd1 Nb6 30. Qc3 Rd7 31. Rf1 Nd6 32. Na3 Nf7 33. Rb1 Qd6 34. Bh3 Nd8 35. Nb5 Qd3 36. Qxd3 Rxd3 37. Nc7 Nxc4 38. Nxe6 Kf7 39. Nxc5 Rd6 40. Re1 Nd2 41. Bg2 Nc6 42. f4 Rd4 43. Kf2 Nb4 44. fxe5 Rc4 45. e6+ Ke7 46. Re2 Rxc5 47. Rxd2 Kxe6 48. Rd8 Rc2+ 49. Kf3 Rc3+ 50. Kf4 h6 51. Bh3+ Kf7 52. e5 g5+ 53. Ke4 Rc4+ 54. Kf5 Nc6 55. e6+ Ke7 56. Rd7+ Ke8 57. Kf6 Rc2 58. Rh7 Rf2+ 59. Bf5 1-0

[Event "Chessemy Open 2022"]
[Site "Reinstorf"]
[Date "2022.01.29"]
[Round "1.6"]
[White "Pellicoro, Nathalie"]
[Black "Koellner, Ruben Gideon"]
[Result "0-1"]
[WhiteElo "1835"]
[BlackElo "2428"]
[Annotator "TA"]
[PlyCount "84"]
[EventDate "2022.01.29"]
[EventType "swiss"]
[EventCountry "GER"]
[SourceTitle "playchess.com"]
[Source "ChessBase"]
[SourceQuality "1"]

1. e4 d6 2. d4 Nf6 3. Nc3 e5 4. Nf3 Nbd7 5. Bc4 Be7 6. O-O c6 7. a4 Qc7 8. Re1 h6 9. Qe2 Nf8 10. d5 Ng6 11. Ra3 O-O 12. b4 Bg4 13. h3 Bd7 14. b5 c5 15. Kh2 Nh7 16. g4 Rae8 17. Nd1 Ng5 18. a5 Qc8 19. Rg1 Bf6 20. b6 a6 21. Bb3 c4 22. Bxc4 Nf4 23. Bxf4 exf4 24. Nxg5 hxg5 25. f3 g6 26. Bb3 Bd4 27. Rg2 Kg7 28. Qc4 Bc5 29. Ra2 Rh8 30. Nf2 Rh4 31. Qd3 Reh8 32. Kg1 Rxh3 33. Kf1 Bxf2 34. Kxf2 Qc5+ 35. Ke1 Rh2 36. c4 Rxg2 37. Qc3+ f6 38. Rxg2 Rh1+ 39. Ke2 Qa3 40. Kd2 Rb1 41. Bc2 Qc1+ 42. Ke2 Qf1+ 0-1

[Event "Chessemy Open 2022"]
[Site "Reinstorf"]
[Date "2022.01.29"]
[Round "1.6"]
[White "Rick, Niklas Corvin"]
[Black "Labruyere, Roger"]
[Result "0-1"]
[WhiteElo "1490"]
[BlackElo "2024"]
[Annotator "TA"]
[PlyCount "56"]
[EventDate "2022.01.29"]
[EventType "swiss"]
[EventCountry "GER"]
[SourceTitle "playchess.com"]
[Source "ChessBase"]
[SourceQuality "1"]

1. d4 Nf6 2. c4 e6 3. Nc3 Bb4 4. Qc2 c5 5. Nf3 O-O 6. a3 Bxc3+ 7. Qxc3 d5 8. e3 cxd4 9. Nxd4 Nc6 10. cxd5 Nxd5 11. Nxc6 bxc6 12. Qc2 Qb6 13. Bd3 f5 14. Qe2 a5 15. Bd2 Qxb2 16. O-O Qe5 17. Rac1 Nf6 18. f4 Qd6 19. Rc3 Rd8 20. Rfc1 c5 21. Rxc5 Bb7 22. R5c3 Be4 23. Bxe4 Nxe4 24. Be1 Nxc3 25. Rxc3 Rac8 26. Rxc8 Rxc8 27. Bxa5 Qxa3 28. Qa6 Qxe3+ 0-1

[Event "Chessemy Open 2022"]
[Site "Reinstorf"]
[Date "2022.01.29"]
[Round "1.7"]
[White "Vypkhaniuk, Ihor"]
[Black "Klaska, Philipp Leon"]
[Result "1/2-1/2"]
[WhiteElo "2426"]
[BlackElo "1831"]
[Annotator "TA"]
[PlyCount "65"]
[EventDate "2022.01.29"]
[EventType "swiss"]
[EventCountry "GER"]
[SourceTitle "playchess.com"]
[Source "ChessBase"]
[SourceQuality "1"]

1. Nf3 d5 2. g3 Nf6 3. Bg2 g6 4. c4 c6 5. Qa4 Nbd7 6. cxd5 cxd5 7. O-O Bg7 8. Nc3 O-O 9. d3 e5 10. Qh4 b6 11. Bg5 Bb7 12. Nd2 Qb8 13. Rac1 d4 14. Nb5 Bxg2 15. Kxg2 a6 16. Na3 b5 17. Bxf6 Nxf6 18. Kg1 Qb7 19. Rc5 Nd7 20. Rc2 Rfc8 21. Rfc1 Rxc2 22. Rxc2 Rc8 23. Qe4 Qb8 24. Qd5 Nb6 25. Qb3 Bf8 26. Ne4 Bxa3 27. bxa3 Rxc2 28. Qxc2 Qc8 29. Qxc8+ Nxc8 30. Nc5 a5 31. Nd7 Ne7 32. Kf1 Nc6 33. e4 1/2-1/2

[Event "Chessemy Open 2022"]
[Site "Reinstorf"]
[Date "2022.01.29"]
[Round "1.7"]
[White "Skopp, Jonathan"]
[Black "Ponomarev, Maximilian"]
[Result "0-1"]
[WhiteElo "1466"]
[BlackElo "2003"]
[Annotator "TA"]
[PlyCount "44"]
[EventDate "2022.01.29"]
[EventType "swiss"]
[EventCountry "GER"]
[SourceTitle "playchess.com"]
[Source "ChessBase"]
[SourceQuality "1"]

1. e4 c5 2. Be2 Nc6 3. c3 Nf6 4. d3 d5 5. exd5 Nxd5 6. Nf3 e6 7. O-O Bd6 8. Na3 O-O 9. Nc2 b6 10. d4 Bb7 11. dxc5 bxc5 12. Ne3 Nf4 13. Bb5 Qe7 14. Re1 g6 15. g3 Nh3+ 16. Kg2 Ne5 17. Kxh3 Nxf3 18. Re2 Ng5+ 19. Kg4 Bf3+ 20. Kh4 Ne4+ 21. Kh3 Qg5 22. Ng2 Bg4# 0-1

[Event "Chessemy Open 2022"]
[Site "Reinstorf"]
[Date "2022.01.29"]
[Round "1.8"]
[White "Schmidt, Theo"]
[Black "Wagener, Martin"]
[Result "1-0"]
[WhiteElo "1997"]
[BlackElo "1455"]
[Annotator "TA"]
[PlyCount "67"]
[EventDate "2022.01.29"]
[EventType "swiss"]
[EventCountry "GER"]
[SourceTitle "playchess.com"]
[Source "ChessBase"]
[SourceQuality "1"]

1. e4 e5 2. Nf3 Nc6 3. Bc4 Bc5 4. c3 Nf6 5. d3 O-O 6. a4 a5 7. O-O d6 8. Nbd2 Re8 9. Re1 Be6 10. Bb5 Bd7 11. Nf1 Ne7 12. Bc4 Ng6 13. Qb3 Nh8 14. Ng3 Be6 15. Bxe6 fxe6 16. Qxb7 Qd7 17. Qb3 Nf7 18. Qc2 c6 19. Bd2 Reb8 20. d4 exd4 21. cxd4 Bb4 22. Bc3 Bxc3 23. bxc3 e5 24. Rab1 Re8 25. Rb6 Rab8 26. Reb1 Rxb6 27. Rxb6 h6 28. Qb3 Qc8 29. dxe5 dxe5 30. h3 Nd7 31. Rb7 Rf8 32. Nf5 Qd8 33. Qa3 Kh7 34. Rxd7 1-0

[Event "Chessemy Open 2022"]
[Site "Reinstorf"]
[Date "2022.01.29"]
[Round "1.8"]
[White "Pohle, Saskia"]
[Black "Mis, Mieszko"]
[Result "0-1"]
[WhiteElo "1824"]
[BlackElo "2417"]
[Annotator "TA"]
[PlyCount "76"]
[EventDate "2022.01.29"]
[EventType "swiss"]
[EventCountry "GER"]
[SourceTitle "playchess.com"]
[Source "ChessBase"]
[SourceQuality "1"]

1. e4 c6 2. Nf3 d5 3. Nc3 dxe4 4. Nxe4 Nf6 5. Qe2 Nxe4 6. Qxe4 Be6 7. c4 Nd7 8. d4 Nf6 9. Qd3 g6 10. Be2 Bg7 11. O-O Qc7 12. h3 O-O 13. Be3 Rfd8 14. Rac1 Ne8 15. Rfd1 Qa5 16. Bd2 Qb6 17. Bc3 Nf6 18. Qe3 Bf5 19. Nh4 Bd7 20. Bd3 Re8 21. Nf3 Rad8 22. Qd2 Qc7 23. Re1 Qc8 24. Qc2 Bf5 25. Bxf5 Qxf5 26. Qxf5 gxf5 27. Rcd1 e6 28. b4 Ne4 29. Ba1 Rd7 30. a4 Rc8 31. c5 Rcd8 32. Rb1 h6 33. h4 a6 34. b5 axb5 35. axb5 Ra8 36. bxc6 bxc6 37. Rb6 Ra2 38. Rxc6 Rda7 0-1

[Event "Chessemy Open 2022"]
[Site "Reinstorf"]
[Date "2022.01.29"]
[Round "1.9"]
[White "Gschnitzer, Adrian"]
[Black "Sommer, Justus"]
[Result "1-0"]
[WhiteElo "2403"]
[BlackElo "1821"]
[Annotator "TA"]
[PlyCount "101"]
[EventDate "2022.01.29"]
[EventType "swiss"]
[EventCountry "GER"]
[SourceTitle "playchess.com"]
[Source "ChessBase"]
[SourceQuality "1"]

1. e4 e5 2. Nf3 Nc6 3. Bc4 Bc5 4. c3 Nf6 5. d4 exd4 6. e5 d5 7. Bb5 Ne4 8. cxd4 Bb4+ 9. Bd2 Nxd2 10. Nbxd2 O-O 11. a3 Bxd2+ 12. Qxd2 Ne7 13. O-O c6 14. Bd3 Bf5 15. Bxf5 Nxf5 16. Qf4 Qd7 17. Rae1 Ne7 18. Nh4 Ng6 19. Qg3 Nxh4 20. Qxh4 Rae8 21. f4 Qf5 22. Re3 Re6 23. Kh1 Rh6 24. Qe7 Qc2 25. f5 Qc4 26. Rd1 Qc2 27. Rf1 Qc4 28. Rd1 Qc2 29. Red3 Qxb2 30. h3 Qf2 31. Rf3 Qe2 32. Rdd3 Qe4 33. Qxb7 a5 34. Qa7 Rh5 35. Qd7 Rh6 36. Qa7 Rh5 37. Qd7 Rh6 38. Rfe3 Qf4 39. Kg1 Rb8 40. Rb3 Rf8 41. Rbd3 Rb8 42. Re1 Rf8 43. Rf1 Qe4 44. Rff3 Qe1+ 45. Kh2 Qe4 46. Qa7 Rh5 47. e6 h6 48. e7 Re8 49. Rde3 Qb1 50. Rb3 Qe1 51. Rb8 1-0

[Event "Chessemy Open 2022"]
[Site "Reinstorf"]
[Date "2022.01.29"]
[Round "1.9"]
[White "Back, Andreas"]
[Black "Bischoff, Ulrich"]
[Result "0-1"]
[WhiteElo "1454"]
[BlackElo "1994"]
[Annotator "TA"]
[PlyCount "98"]
[EventDate "2022.01.29"]
[EventType "swiss"]
[EventCountry "GER"]
[SourceTitle "playchess.com"]
[Source "ChessBase"]
[SourceQuality "1"]

1. e4 e5 2. Nf3 Nf6 3. Nc3 Bb4 4. d3 Nc6 5. Bd2 d5 6. exd5 Nxd5 7. Nxd5 Qxd5 8. Be2 f6 9. Bxb4 Nxb4 10. a3 Nc6 11. O-O Be6 12. Nd2 Nd4 13. Bf3 Nxf3+ 14. Qxf3 O-O 15. Qxd5 Bxd5 16. f3 Rad8 17. Ne4 Rfe8 18. Rf2 Bc6 19. Re1 Ba4 20. b3 Bc6 21. a4 a5 22. Nc3 Kf7 23. Rfe2 g5 24. Kf2 Rd4 25. Ne4 b6 26. h3 Red8 27. Rd2 h5 28. g4 Rh8 29. Kg3 Rdd8 30. Nc3 Kg6 31. Re3 Rh7 32. Rde2 Rdh8 33. Rh2 Rd8 34. Rhe2 Rd4 35. Ne4 Bb7 36. Nf2 c5 37. Nd1 Bc6 38. Nc3 Rb7 39. Ne4 Rh7 40. Nc3 Rd8 41. Nb5 Bxb5 42. axb5 a4 43. bxa4 Ra7 44. gxh5+ Kxh5 45. c4 Rxa4 46. Rd2 Rxc4 47. dxc4 Rxd2 48. Re4 f5 49. Rxe5 f4# 0-1

[Event "Chessemy Open 2022"]
[Site "Reinstorf"]
[Date "2022.01.29"]
[Round "1.10"]
[White "Acarbay, Algi"]
[Black "Rotaermel, Leonie"]
[Result "1-0"]
[WhiteElo "1992"]
[BlackElo "1427"]
[Annotator "TA"]
[PlyCount "51"]
[EventDate "2022.01.29"]
[EventType "swiss"]
[EventCountry "GER"]
[SourceTitle "playchess.com"]
[Source "ChessBase"]
[SourceQuality "1"]

1. e4 e6 2. d4 d5 3. e5 c5 4. c3 Nc6 5. Nf3 Qb6 6. a3 c4 7. Nbd2 Na5 8. Be2 Bd7 9. O-O Ne7 10. Re1 Ng6 11. Nf1 h6 12. Ng3 Be7 13. Nh5 O-O 14. Rb1 Nb3 15. Be3 Kh7 16. Nd2 Ba4 17. Nxb3 Bxb3 18. Qd2 Rh8 19. g3 a5 20. f4 Qc7 21. Rf1 Qd7 22. Bg4 Ra6 23. f5 exf5 24. Rxf5 Qe8 25. Rbf1 Bd8 26. Rxf7 1-0

[Event "Chessemy Open 2022"]
[Site "Reinstorf"]
[Date "2022.01.29"]
[Round "1.10"]
[White "Zhou, Lepu Coco"]
[Black "Skytte, Rasmus"]
[Result "1/2-1/2"]
[WhiteElo "1819"]
[BlackElo "2377"]
[Annotator "TA"]
[PlyCount "192"]
[EventDate "2022.01.29"]
[EventType "swiss"]
[EventCountry "GER"]
[SourceTitle "playchess.com"]
[Source "ChessBase"]
[SourceQuality "1"]

1. e4 c5 2. Nf3 e6 3. c4 Nc6 4. Be2 e5 5. O-O d6 6. Nc3 g6 7. d3 Bg7 8. Ne1 Nge7 9. f4 O-O 10. Nc2 f5 11. Bf3 h6 12. exf5 Nxf5 13. Bd5+ Kh8 14. Bxc6 bxc6 15. fxe5 Bxe5 16. Qf3 Be6 17. Bf4 Bd4+ 18. Nxd4 Nxd4 19. Qg3 Kh7 20. Bxd6 Rxf1+ 21. Rxf1 Nf5 22. Rxf5 Bxf5 23. Ne4 Bxe4 24. dxe4 Qg5 25. Qxg5 hxg5 26. e5 Re8 27. Kf2 Kg8 28. Kf3 Kf7 29. Kg4 Rh8 30. Kxg5 Rh5+ 31. Kg4 Ke6 32. Kf3 Rxh2 33. Bxc5 a6 34. Bd6 Rh4 35. b3 Kf5 36. a4 Rf4+ 37. Ke3 Re4+ 38. Kd3 Rg4 39. b4 Rxg2 40. b5 cxb5 41. cxb5 axb5 42. axb5 Ke6 43. Kd4 g5 44. Bb4 Re2 45. Kc5 g4 46. b6 g3 47. b7 g2 48. b8=Q g1=Q+ 49. Kc6 Qg2+ 50. Kb6 Qf2+ 51. Ka6 Ra2+ 52. Ba5 Qe2+ 53. Qb5 Qc2 54. Qe8+ Kf5 55. e6 Qe2+ 56. Qb5+ Kxe6 57. Qxe2+ Rxe2 58. Bc7 Rb2 59. Ka7 Kd7 60. Be5 Rb5 61. Bd4 Kc6 62. Ka8 Rb7 63. Be3 Kc7 64. Bf2 Rb8+ 65. Ka7 Rb3 66. Ka8 Rf3 67. Bd4 Rd3 68. Bf2 Rf3 69. Bd4 Rf5 70. Bg1 Rf8+ 71. Ka7 Rf1 72. Bb6+ Kc6 73. Bd4 Rf4 74. Be3 Re4 75. Bf2 Re8 76. Bd4 Rg8 77. Be3 Kb5 78. Bd4 Rd8 79. Be5 Rd5 80. Bf4 Rd7+ 81. Ka8 Kc6 82. Bg3 Rd3 83. Bf4 Kb6 84. Bg5 Rg3 85. Bd8+ Ka6 86. Bc7 Rg7 87. Bb8 Kb6 88. Be5 Ra7+ 89. Kb8 Rd7 90. Ka8 Rd5 91. Bf4 Ra5+ 92. Kb8 Rf5 93. Bc7+ Kc6 94. Bg3 Kb6 95. Ka8 Rf8+ 96. Bb8 Ka6 1/2-1/2

[Event "Chessemy Open 2022"]
[Site "Reinstorf"]
[Date "2022.01.29"]
[Round "1.11"]
[White "Bracker, Frank"]
[Black "Muedder, Melanie"]
[Result "1-0"]
[WhiteElo "2371"]
[BlackElo "1788"]
[Annotator "TA"]
[PlyCount "45"]
[EventDate "2022.01.29"]
[EventType "swiss"]
[EventCountry "GER"]
[SourceTitle "playchess.com"]
[Source "ChessBase"]
[SourceQuality "1"]

1. e4 c5 2. Nf3 Nc6 3. d4 cxd4 4. Nxd4 e5 5. Nb5 d6 6. N1c3 a6 7. Na3 Be6 8. Nc4 b5 9. Ne3 Nf6 10. a3 Be7 11. g3 O-O 12. Bg2 Nd7 13. O-O Nc5 14. Ncd5 Rc8 15. b3 Bg5 16. Bb2 Bxe3 17. Nxe3 b4 18. Kh1 Qb6 19. Re1 Ne7 20. axb4 Nb7 21. f4 Qxb4 22. fxe5 dxe5 23. Ba3 1-0

[Event "Chessemy Open 2022"]
[Site "Reinstorf"]
[Date "2022.01.29"]
[Round "1.12"]
[White "Kewe, Stefan"]
[Black "Peist, Juergen"]
[Result "0-1"]
[WhiteElo "1814"]
[BlackElo "2351"]
[Annotator "TA"]
[PlyCount "52"]
[EventDate "2022.01.29"]
[EventType "swiss"]
[EventCountry "GER"]
[SourceTitle "playchess.com"]
[Source "ChessBase"]
[SourceQuality "1"]

1. d4 Nf6 2. Nf3 g6 3. c4 Bg7 4. g3 O-O 5. Bg2 d5 6. cxd5 Nxd5 7. O-O Nb6 8. Bf4 c5 9. e3 Nc6 10. Ne5 cxd4 11. Nxc6 bxc6 12. exd4 Nd5 13. Be3 Rb8 14. Qd2 Nxe3 15. fxe3 c5 16. Nc3 cxd4 17. Nd5 e6 18. Nb4 Qb6 19. Nc6 dxe3 20. Qd6 Ba6 21. Rf4 e2+ 22. Kh1 Rbd8 23. Ne7+ Kh8 24. Qxb6 axb6 25. Bf3 Bb7 26. Rg1 Rd1 0-1

[Event "Chessemy Open 2022"]
[Site "Reinstorf"]
[Date "2022.01.29"]
[Round "1.13"]
[White "Reichmann, Hendrik"]
[Black "Reichmann, Felix"]
[Result "1-0"]
[WhiteElo "2345"]
[BlackElo "1807"]
[Annotator "TA"]
[PlyCount "53"]
[EventDate "2022.01.29"]
[EventType "swiss"]
[EventCountry "GER"]
[SourceTitle "playchess.com"]
[Source "ChessBase"]
[SourceQuality "1"]

1. d4 d6 2. Nf3 g6 3. e4 Bg7 4. Bc4 Nf6 5. Qe2 d5 6. exd5 Nxd5 7. O-O Nc6 8. c3 O-O 9. h3 h6 10. Re1 e6 11. a4 b6 12. Nbd2 Bb7 13. Ne4 Re8 14. Qc2 Rc8 15. Bd2 e5 16. Bxh6 Bxh6 17. Bxd5 exd4 18. Rad1 Bg7 19. Bxf7+ Kxf7 20. Neg5+ Kf8 21. Qxg6 Kg8 22. Qf7+ Kh8 23. Qf5 Kg8 24. Nh4 Re7 25. Rxe7 Qxe7 26. Qh7+ Kf8 27. Ng6+ 1-0

[Event "Chessemy Open 2022"]
[Site "Reinstorf"]
[Date "2022.01.29"]
[Round "1.13"]
[White "Bergmann, Paul"]
[Black "Poschadel, Andreas Gregor"]
[Result "0-1"]
[WhiteElo "1401"]
[BlackElo "1981"]
[Annotator "TA"]
[PlyCount "48"]
[EventDate "2022.01.29"]
[EventType "swiss"]
[EventCountry "GER"]
[SourceTitle "playchess.com"]
[Source "ChessBase"]
[SourceQuality "1"]

1. d4 Nf6 2. c4 e6 3. Nf3 b6 4. Bf4 Bb7 5. e3 g6 6. Be2 Bg7 7. Nc3 O-O 8. O-O d6 9. Bg5 h6 10. Bh4 g5 11. Nxg5 hxg5 12. Bxg5 Qe8 13. Bd3 Nh7 14. Qh5 f5 15. Qxe8 Rxe8 16. f4 Bf6 17. h4 Nd7 18. Kf2 c5 19. Ne2 Bh8 20. g4 Ndf6 21. gxf5 Ng4+ 22. Ke1 Nxe3 23. Rg1 exf5 24. Bf6+ Ng2+ 0-1